LEADER 01636nam 2200541 450 001 9910508470503321 005 20230329143946.0 010 $a3-030-78327-8 035 $a(MiAaPQ)EBC6799440 035 $a(Au-PeEL)EBL6799440 035 $a(CKB)19410941200041 035 $a(OCoLC)1285124430 035 $a(PPN)258843586 035 $a(EXLCZ)9919410941200041 100 $a20220726d2021 uy 0 101 0 $aeng 135 $aurcnu|||||||| 181 $ctxt$2rdacontent 182 $cc$2rdamedia 183 $acr$2rdacarrier 200 10$aAtlas of oral and maxillofacial anatomy /$fJoe Iwanaga, R. Shane Tubbs 210 1$aCham, Switzerland :$cSpringer,$d[2021] 210 4$d©2021 215 $a1 online resource (170 pages) 311 08$aPrint version: Iwanaga, Joe Atlas of Oral and Maxillofacial Anatomy Cham : Springer International Publishing AG,c2021 9783030783266 320 $aIncludes bibliographical references. 606 $aFace$xAnatomy$vAtlases 606 $aMouth$xAnatomy$vAtlases 606 $aMaxil·lars$2thub 606 $aAnatomia humana$2thub 606 $aFace 608 $aAtles (Científic)$2thub 608 $aLlibres electrònics$2thub 615 0$aFace$xAnatomy 615 0$aMouth$xAnatomy 615 7$aMaxil·lars 615 7$aAnatomia humana 615 0$aFace. 676 $a611.92 700 $aIwanaga$b Joe$01052515 702 $aTubbs$b R. Shane 801 0$bMiAaPQ 801 1$bMiAaPQ 801 2$bMiAaPQ 906 $aBOOK 912 $a9910508470503321 996 $aAtlas of oral and maxillofacial anatomy$92903562 997 $aUNINA LEADER 01673oam 2200517M 450 001 9910715711103321 005 20191123063209.5 035 $a(CKB)5470000002514968 035 $a(OCoLC)1065783476 035 $a(OCoLC)995470000002514968 035 $a(EXLCZ)995470000002514968 100 $a20070221d1854 ua 0 101 0 $aeng 135 $aurcn||||||||| 181 $ctxt$2rdacontent 182 $cc$2rdamedia 183 $acr$2rdacarrier 200 10$aA.S. Laughery. (To accompany Bill H.R. No. 421.) June 23, 1854 210 1$a[Washington, D.C.] :$c[publisher not identified],$d1854. 215 $a1 online resource (1 page) 225 1 $aHouse report / 33rd Congress, 1st session. House ;$vno. 218 225 1 $a[United States congressional serial set ] ;$v[serial no. 743] 300 $aBatch processed record: Metadata reviewed, not verified. Some fields updated by batch processes. 300 $aFDLP item number not assigned. 517 $aA.S. Laughery. 606 $aArmies$xCommissariat 606 $aLand tenure 606 $aLand grants 606 $aMexican War, 1846-1848 606 $aClerks 608 $aLegislative materials.$2lcgft 615 0$aArmies$xCommissariat. 615 0$aLand tenure. 615 0$aLand grants. 615 0$aMexican War, 1846-1848. 615 0$aClerks. 701 $aHillyer$b Junius$f1807-1886$pDemocrat (GA)$01387430 801 0$bWYU 801 1$bWYU 801 2$bOCLCO 801 2$bOCLCQ 801 2$bOCLCO 906 $aBOOK 912 $a9910715711103321 996 $aA.S. Laughery. (To accompany Bill H.R. No. 421.) June 23, 1854$93537873 997 $aUNINA